Fallout 4 Companions - Statistics

General Stats
  • This quiz has been taken 1,610 times
  • The average score is 11 of 13
Answer Stats
Hint Answer % Correct
The companion you meet at the Red Rocket Truck Stop. Dogmeat
99%
Your robot butler. Codsworth
95%
The synth detective. Nick Valentine
95%
The last minuteman. Preston Garvey
94%
The quirky reporter of Diamond City. Piper
93%
The companion from the Brotherhood Of Steel. Paladin Danse
90%
He soughts to find the milk of human kindness. Strong
86%
You find her in the Combat Zone. Cait
85%
You find this female variant of Mr Handy in Vault 81. Curie
83%
The mayor of Goodneighbour. Hancock
83%
The companion from the Railroad. Deacon
80%
You can hire him for 250 caps (or 200 if your charisma is high enough). MacCready
65%
The companion from the Institute. X6-88
58%
No matching quizzes found
Score Distribution
Percent of People with Each Score
Percentile by Number Answered
Your Score History
You have not taken this quiz